000 00743nam a2200205 i 4500
001 59235
003 ES-MaACL
005 20251014063123.0
007 t|
008 031028s1922 sp ||||1| spa d
100 1 _aEmerson, Ralph Waldo,
_d1803-1882
_947147
245 1 4 _aLos veinte ensayos /
_cde Rodolfo W. Emerson ; vertidos al castellano por Giro García del Mazo.
260 _aMadrid :
_bLa España Moderna,
_c[1922] (
_fGabriel López del Horno)
300 _a458 p. ;
_c22 cm.
490 1 _aBiblioteca de jurisprudencia, filosofía e historia
700 0 _aGarcía del Mazo, Siro.
_954516
830 0 0 _aBiblioteca de jurisprudencia, filosofía e historia
_9180691
852 _aES-MaACL
_jB-2244
999 _c59235
_d59235